[Event "DEM U18w 2018"]
[Site "Willingen GER"]
[Date "2018.05.20"]
[Round "1"]
[White "Lange, Cecilia"]
[Black "Jörs, Pia-Milena"]
[Result "1-0"]
[Termination "normal"]
[Board "9"]
[WhiteElo "1929"]
[BlackElo "1557"]
[WhiteClock "00:29:49"]
[BlackClock "00:28:03"]
[PlyCount "103"]
[WhiteFideId "12976040"]
[BlackFideId "12964646"]
[EventCountry "GER"]
[EventRounds "9"]
[EventType "swiss"]
[EventDate "2018.05.19"]

1. e4 {[%clk 1:30:57]} 1... c6 {[%clk 1:30:52]} 2. d4 {[%clk 1:31:23]} 2... d5
{[%clk 1:31:14]} 3. Nc3 {[%clk 1:31:46]} 3... dxe4 {[%clk 1:31:36]} 4. Nxe4 {
[%clk 1:32:10]} 4... Bf5 {[%clk 1:31:55]} 5. Ng3 {[%clk 1:32:26]} 5... Bg6 {
[%clk 1:32:14]} 6. h4 {[%clk 1:32:46]} 6... h6 {[%clk 1:32:12]} 7. Nf3 { [%clk
1:33:00]} 7... Nd7 {[%clk 1:32:11]} 8. h5 {[%clk 1:33:16]} 8... Bh7 { [%clk
1:32:28]} 9. Bd3 {[%clk 1:33:36]} 9... Bxd3 {[%clk 1:32:45]} 10. Qxd3 { [%clk
1:33:58]} 10... Ngf6 {[%clk 1:32:36]} 11. Bf4 {[%clk 1:32:24]} 11... e6 { [%clk
1:32:16]} 12. Ne4 {[%clk 1:29:15]} 12... Nxe4 {[%clk 1:30:13]} 13. Qxe4 { [%clk
1:28:59]} 13... Qa5+ {[%clk 1:28:09]} 14. Bd2 {[%clk 1:27:18]} 14... Bb4 {[%clk
1:20:17]} 15. c3 {[%clk 1:22:22]} 15... Be7 {[%clk 1:15:54]} 16. Ne5 { [%clk
1:17:42]} 16... Nxe5 {[%clk 1:10:36]} 17. Qxe5 {[%clk 1:14:23]} 17... Qxe5+
{[%clk 1:10:25]} 18. dxe5 {[%clk 1:14:52]} 18... Bc5 {[%clk 1:08:09]} 19. Ke2
{[%clk 1:10:00]} 19... Rd8 {[%clk 1:05:01]} 20. Rad1 {[%clk 1:06:45]} 20... Ke7
{[%clk 1:04:24]} 21. Be3 {[%clk 0:57:15]} 21... Bxe3 {[%clk 1:02:42]} 22. Kxe3
{[%clk 0:57:06]} 22... Rd5 {[%clk 1:01:11]} 23. f4 {[%clk 0:52:55]} 23... Rhd8
{[%clk 1:01:00]} 24. Rxd5 {[%clk 0:52:25]} 24... Rxd5 {[%clk 0:55:25]} 25. g4
{[%clk 0:49:22]} 25... f6 {[%clk 0:52:33]} 26. exf6+ {[%clk 0:41:27]} 26...
Kxf6 {[%clk 0:46:39]} 27. Rf1 {[%clk 0:38:46]} 27... Ra5 {[%clk 0:42:10]} 28.
a3 {[%clk 0:36:23]} 28... c5 {[%clk 0:34:30]} 29. Rd1 {[%clk 0:28:08]} 29...
Ke7 {[%clk 0:25:00]} 30. Rg1 {[%clk 0:20:08]} 30... Rb5 {[%clk 0:19:59]} 31.
Rg2 {[%clk 0:19:57]} 31... Kf7 {[%clk 0:16:16]} 32. g5 {[%clk 0:14:44]} 32...
hxg5 {[%clk 0:09:36]} 33. fxg5 {[%clk 0:14:33]} 33... Rb6 {[%clk 0:07:00]} 34.
Rf2+ {[%clk 0:11:27]} 34... Kg8 {[%clk 0:05:29]} 35. Rd2 {[%clk 0:09:59]} 35...
a6 {[%clk 0:04:11]} 36. g6 {[%clk 0:07:57]} 36... Kf8 {[%clk 0:04:18]} 37. Rd8+
{[%clk 0:07:43]} 37... Ke7 {[%clk 0:04:39]} 38. h6 {[%clk 0:07:53]} 38... gxh6
{[%clk 0:03:26]} 39. g7 {[%clk 0:08:18]} 39... Kxd8 {[%clk 0:03:40]} 40. g8=Q+
{[%clk 0:08:43]} 40... Kd7 {[%clk 0:03:28]} 41. Qg2 {[%clk 0:06:57]} 41... Kd6
{[%clk 0:01:56]} 42. Ke4 {[%clk 0:04:29]} 42... h5 {[%clk 0:00:56]} 43. Qh2+ {
[%clk 0:01:51]} 43... Kd7 {[%clk 0:01:02]} 44. Qxh5 {[%clk 0:01:02]} 44... Rxb2
{[%clk 0:29:49]} 45. Qxc5 {[%clk 0:31:03]} 45... e5 {[%clk 0:28:47]} 46. Qd5+ {
[%clk 0:30:35]} 46... Kc8 {[%clk 0:28:50]} 47. Qe6+ {[%clk 0:30:27]} 47... Kd8
{[%clk 0:29:03]} 48. Qd6+ {[%clk 0:30:42]} 48... Kc8 {[%clk 0:28:48]} 49. Kxe5
{[%clk 0:30:40]} 49... Rb5+ {[%clk 0:28:47]} 50. Ke6 {[%clk 0:29:36]} 50... Rh5
{[%clk 0:27:38]} 51. Qd7+ {[%clk 0:29:25]} 51... Kb8 {[%clk 0:28:03]} 52. Qe8+
{[%clk 0:29:49]} 1-0

[Event "DEM U18w 2018"]
[Site "Willingen GER"]
[Date "2018.05.20"]
[Round "1"]
[White "Giede, Anna-Blume"]
[Black "Reinecke, Katharina"]
[Result "1/2-1/2"]
[Termination "normal"]
[Board "10"]
[WhiteElo "1629"]
[BlackElo "1905"]
[WhiteClock "00:22:41"]
[BlackClock "00:26:26"]
[PlyCount "83"]
[WhiteFideId "12921980"]
[BlackFideId "12929727"]
[EventCountry "GER"]
[EventRounds "9"]
[EventType "swiss"]
[EventDate "2018.05.19"]

1. e4 c6 2. d4 d5 3. exd5 cxd5 4. c4 Nf6 5. Nc3 Nc6 6. c5 {[%clk 1:19:38]} 6...
g6 {[%clk 1:29:20]} 7. Nf3 {[%clk 1:14:05]} 7... Bg7 {[%clk 1:28:19]} 8. Be2 {
[%clk 1:06:22]} 8... O-O {[%clk 1:27:13]} 9. O-O {[%clk 0:59:56]} 9... Ne4 {
[%clk 1:20:14]} 10. h3 {[%clk 0:33:21]} 10... Be6 {[%clk 0:59:25]} 11. Bb5 {
[%clk 0:28:44]} 11... Qa5 {[%clk 0:45:49]} 12. Bxc6 {[%clk 0:19:55]} 12... bxc6
{[%clk 0:29:31]} 13. Bd2 {[%clk 0:16:59]} 13... Qc7 {[%clk 0:26:08]} 14. Re1 {
[%clk 0:14:34]} 14... Bf5 {[%clk 0:23:35]} 15. Qc1 {[%clk 0:07:30]} 15... Nxd2
{[%clk 0:21:46]} 16. Qxd2 {[%clk 0:07:49]} 16... Rae8 {[%clk 0:17:22]} 17. b4 {
[%clk 0:04:55]} 17... a6 {[%clk 0:14:36]} 18. Qe2 {[%clk 0:03:03]} 18... Qb7 {
[%clk 0:13:09]} 19. a3 {[%clk 0:03:24]} 19... f6 {[%clk 0:12:15]} 20. Qd1 {
[%clk 0:02:15]} 20... e5 {[%clk 0:11:27]} 21. Na4 {[%clk 0:01:26]} 21... Be4 {
[%clk 0:08:53]} 22. Nd2 {[%clk 0:00:58]} 22... Bf5 {[%clk 0:04:35]} 23. Nb3 {
[%clk 0:01:00]} 23... Bd7 {[%clk 0:03:12]} 24. Rc1 {[%clk 0:00:59]} 24... f5 {
[%clk 0:02:49]} 25. Nb6 {[%clk 0:00:54]} 25... exd4 {[%clk 0:01:31]} 26. Rxe8 {
[%clk 0:01:02]} 26... Rxe8 {[%clk 0:01:36]} 27. Nxd4 {[%clk 0:01:26]} 27... Re4
{[%clk 0:01:29]} 28. Nc2 {[%clk 0:01:01]} 28... Kh8 {[%clk 0:01:03]} 29. Qd3 {
[%clk 0:00:48]} 29... Be8 {[%clk 0:00:55]} 30. Re1 {[%clk 0:00:40]} 30... Rxe1+
{[%clk 0:00:46]} 31. Nxe1 {[%clk 0:01:06]} 31... Qe7 {[%clk 0:00:54]} 32. Nf3 {
[%clk 0:00:38]} 32... a5 {[%clk 0:00:47]} 33. Nc8 {[%clk 0:00:36]} 33... Qd7 {
[%clk 0:00:41]} 34. Nb6 {[%clk 0:00:58]} 34... Qe7 {[%clk 0:00:51]} 35. Nc8
35... Qe6 {[%clk 0:00:52]} 36. Nd6 {[%clk 0:00:54]} 36... axb4 {[%clk 0:01:05]}
37. axb4 {[%clk 0:01:18]} 37... h6 {[%clk 0:00:42]} 38. Kf1 {[%clk 0:00:34]}
38... Kh7 {[%clk 0:00:45]} 39. Qd2 {[%clk 0:00:35]} 39... g5 {[%clk 0:00:39]}
40. Nd4 {[%clk 0:00:34]} 40... Bxd4 {[%clk 0:00:39]} 41. Qxd4 {[%clk 0:01:02]}
41... Bg6 {[%clk 0:26:26]} 42. Qd3 {[%clk 0:22:41]} 1/2-1/2

[Event "DEM U18w 2018"]
[Site "Willingen GER"]
[Date "2018.05.20"]
[Round "1"]
[White "Poetsch, Leonore"]
[Black "Mylke, Sandy-Michelle"]
[Result "1-0"]
[Termination "normal"]
[Board "11"]
[WhiteElo "1902"]
[BlackElo "1100"]
[WhiteClock "01:05:00"]
[BlackClock "00:23:06"]
[PlyCount "73"]
[WhiteFideId "12940372"]
[BlackFideId "16235045"]
[EventCountry "GER"]
[EventRounds "9"]
[EventType "swiss"]
[EventDate "2018.05.19"]

1. e4 {[%clk 1:30:57]} 1... e5 {[%clk 1:30:50]} 2. Nf3 {[%clk 1:31:21]} 2...
Nc6 {[%clk 1:31:07]} 3. Bc4 {[%clk 1:31:45]} 3... Bc5 {[%clk 1:31:22]} 4. c3 {
[%clk 1:32:08]} 4... Nf6 {[%clk 1:31:34]} 5. d4 {[%clk 1:32:32]} 5... exd4 {
[%clk 1:31:53]} 6. cxd4 {[%clk 1:32:51]} 6... Bb4+ {[%clk 1:32:11]} 7. Bd2 {
[%clk 1:33:16]} 7... Bxd2+ {[%clk 1:31:03]} 8. Nbxd2 {[%clk 1:33:41]} 8... O-O
{[%clk 1:31:01]} 9. d5 {[%clk 1:33:40]} 9... Ne7 {[%clk 1:29:50]} 10. O-O {
[%clk 1:33:30]} 10... d6 {[%clk 1:29:24]} 11. Re1 {[%clk 1:32:22]} 11... Re8 {
[%clk 1:25:04]} 12. Rc1 {[%clk 1:31:39]} 12... Bd7 {[%clk 1:23:52]} 13. Qb3 {
[%clk 1:30:39]} 13... Rb8 {[%clk 1:22:51]} 14. a4 {[%clk 1:29:14]} 14... c6 {
[%clk 1:23:00]} 15. dxc6 {[%clk 1:27:40]} 15... d5 {[%clk 1:16:47]} 16. cxd7 {
[%clk 1:26:44]} 16... Qxd7 {[%clk 1:15:45]} 17. Bb5 {[%clk 1:25:41]} 17... Nc6
{[%clk 1:15:50]} 18. e5 {[%clk 1:23:10]} 18... Nh5 {[%clk 1:09:26]} 19. Qe3 {
[%clk 1:16:23]} 19... a6 {[%clk 1:05:57]} 20. Bxc6 {[%clk 1:14:30]} 20... bxc6
{[%clk 1:06:11]} 21. Qd4 {[%clk 1:13:14]} 21... Re7 {[%clk 0:52:33]} 22. g4 {
[%clk 1:12:14]} 22... g6 {[%clk 0:48:16]} 23. gxh5 {[%clk 1:10:59]} 23... gxh5
{[%clk 0:48:10]} 24. Kh1 {[%clk 1:10:36]} 24... Re6 {[%clk 0:42:27]} 25. Ne4 {
[%clk 1:08:36]} 25... Qc8 {[%clk 0:40:37]} 26. Nf6+ {[%clk 1:08:38]} 26... Kf8
{[%clk 0:39:18]} 27. Qc5+ {[%clk 1:07:58]} 27... Kg7 {[%clk 0:38:57]} 28. Rg1+
{[%clk 1:08:20]} 28... Kh8 {[%clk 0:39:00]} 29. Qc2 {[%clk 1:07:59]} 29... Rxf6
{[%clk 0:38:36]} 30. exf6 {[%clk 1:08:23]} 30... Qf8 {[%clk 0:28:24]} 31. Rg7 {
[%clk 1:04:21]} 31... Qxg7 {[%clk 0:28:07]} 32. fxg7+ {[%clk 1:04:45]} 32...
Kxg7 {[%clk 0:27:53]} 33. Qxc6 {[%clk 1:04:56]} 33... Rd8 {[%clk 0:24:39]} 34.
Rg1+ {[%clk 1:04:31]} 34... Kf8 {[%clk 0:24:58]} 35. Qf6 {[%clk 1:04:52]} 35...
Rd7 {[%clk 0:23:36]} 36. Ne5 {[%clk 1:05:00]} 36... Re7 {[%clk 0:23:06]} 37.
Qh8# 1-0

[Event "DEM U18w 2018"]
[Site "Willingen GER"]
[Date "2018.05.20"]
[Round "1"]
[White "Schmidt, Aliyah"]
[Black "Arnhold, Steffi"]
[Result "0-1"]
[Termination "normal"]
[Board "12"]
[WhiteElo "1388"]
[BlackElo "1923"]
[WhiteClock "00:17:23"]
[BlackClock "00:11:30"]
[PlyCount "66"]
[WhiteFideId "16240103"]
[BlackFideId "12931365"]
[EventCountry "GER"]
[EventRounds "9"]
[EventType "swiss"]
[EventDate "2018.05.19"]

1. e4 {[%clk 1:30:57]} 1... c5 {[%clk 1:30:48]} 2. Nc3 {[%clk 1:31:19]} 2...
Nc6 {[%clk 1:30:46]} 3. g3 {[%clk 1:31:40]} 3... g6 {[%clk 1:30:45]} 4. Bg2 {
[%clk 1:32:01]} 4... Bg7 {[%clk 1:30:55]} 5. d3 {[%clk 1:32:18]} 5... d6 {
[%clk 1:30:09]} 6. Be3 {[%clk 1:32:19]} 6... Nf6 {[%clk 1:29:46]} 7. Qd2 {
[%clk 1:31:11]} 7... Nd4 {[%clk 1:10:17]} 8. Nge2 {[%clk 1:27:11]} 8... Bh3 {
[%clk 0:55:04]} 9. O-O {[%clk 1:17:33]} 9... Bxg2 {[%clk 0:53:38]} 10. Kxg2 {
[%clk 1:17:53]} 10... Ng4 {[%clk 0:49:01]} 11. Bxd4 {[%clk 1:14:18]} 11... cxd4
{[%clk 0:49:07]} 12. Nd5 {[%clk 1:10:17]} 12... e6 {[%clk 0:41:11]} 13. Ndf4 {
[%clk 1:07:24]} 13... Qb6 {[%clk 0:40:21]} 14. b3 {[%clk 1:00:54]} 14... O-O {
[%clk 0:37:24]} 15. Kh1 {[%clk 0:45:49]} 15... Rac8 {[%clk 0:34:11]} 16. h3 {
[%clk 0:39:32]} 16... Ne5 {[%clk 0:32:02]} 17. Ng2 {[%clk 0:35:04]} 17... Nc6 {
[%clk 0:22:18]} 18. a3 {[%clk 0:33:37]} 18... Rc7 {[%clk 0:21:02]} 19. f4 {
[%clk 0:32:12]} 19... Ne7 {[%clk 0:20:00]} 20. g4 {[%clk 0:30:57]} 20... f5 {
[%clk 0:18:32]} 21. exf5 {[%clk 0:28:52]} 21... gxf5 {[%clk 0:18:50]} 22. Ng3 {
[%clk 0:25:31]} 22... Qc5 {[%clk 0:17:48]} 23. Rf2 {[%clk 0:24:41]} 23... Nd5 {
[%clk 0:17:26]} 24. Re2 {[%clk 0:23:11]} 24... Ne3 {[%clk 0:17:07]} 25. Nxe3 {
[%clk 0:22:20]} 25... dxe3 {[%clk 0:17:26]} 26. Qxe3 {[%clk 0:19:05]} 26...
Qxe3 {[%clk 0:17:44]} 27. Rxe3 {[%clk 0:19:30]} 27... Bxa1 {[%clk 0:18:04]} 28.
Rxe6 {[%clk 0:19:27]} 28... fxg4 {[%clk 0:17:26]} 29. hxg4 {[%clk 0:19:04]}
29... Rxf4 {[%clk 0:14:38]} 30. Rxd6 {[%clk 0:18:40]} 30... Rxg4 { [%clk
0:14:22]} 31. Rd8+ {[%clk 0:18:56]} 31... Kf7 {[%clk 0:14:32]} 32. Ne4 { [%clk
0:18:39]} 32... Ke7 {[%clk 0:12:27]} 33. Rd5 {[%clk 0:17:23]} 33... Rxc2 {[%clk
0:11:30]} 0-1

[Event "DEM U18w 2018"]
[Site "Willingen GER"]
[Date "2018.05.20"]
[Round "1"]
[White "Leser, Katrin"]
[Black "König, Emmilie"]
[Result "1-0"]
[Termination "normal"]
[Board "13"]
[WhiteElo "1862"]
[BlackElo "1539"]
[WhiteClock "00:24:41"]
[BlackClock "00:07:23"]
[PlyCount "57"]
[WhiteFideId "12997692"]
[BlackFideId "16218329"]
[EventCountry "GER"]
[EventRounds "9"]
[EventType "swiss"]
[EventDate "2018.05.19"]

1. e4 {[%clk 1:30:56]} 1... d6 {[%clk 1:30:57]} 2. d4 {[%clk 1:31:18]} 2... g6
{[%clk 1:31:23]} 3. Nc3 {[%clk 1:30:20]} 3... Bg7 {[%clk 1:31:42]} 4. Be3 {
[%clk 1:29:30]} 4... Nf6 {[%clk 1:30:35]} 5. f3 {[%clk 1:28:41]} 5... Nbd7 {
[%clk 1:30:19]} 6. Qd2 {[%clk 1:28:29]} 6... h6 {[%clk 1:28:23]} 7. O-O-O {
[%clk 1:26:48]} 7... e6 {[%clk 1:24:36]} 8. g4 {[%clk 1:19:11]} 8... Ng8 {
[%clk 1:24:42]} 9. Nge2 {[%clk 1:18:24]} 9... Bf6 {[%clk 1:17:54]} 10. Ng3 {
[%clk 1:14:03]} 10... Nf8 {[%clk 1:13:06]} 11. f4 {[%clk 1:11:44]} 11... Bh4 {
[%clk 1:01:10]} 12. Bh3 {[%clk 0:59:21]} 12... Bd7 {[%clk 0:55:15]} 13. f5 {
[%clk 0:54:57]} 13... Qe7 {[%clk 0:50:38]} 14. Rhf1 {[%clk 0:47:53]} 14...
O-O-O {[%clk 0:45:08]} 15. Kb1 {[%clk 0:40:28]} 15... Bg5 {[%clk 0:36:39]} 16.
Rf2 {[%clk 0:35:50]} 16... gxf5 {[%clk 0:34:07]} 17. gxf5 {[%clk 0:35:10]}
17... Bh4 {[%clk 0:30:45]} 18. Rdf1 {[%clk 0:33:48]} 18... Qe8 {[%clk 0:25:54]}
19. fxe6 {[%clk 0:33:08]} 19... Nxe6 {[%clk 0:20:07]} 20. Rxf7 {[%clk 0:32:59]}
20... Bg5 {[%clk 0:14:30]} 21. Bg4 {[%clk 0:30:34]} 21... Nf6 {[%clk 0:13:12]}
22. R1xf6 {[%clk 0:28:48]} 22... Bxf6 {[%clk 0:13:31]} 23. Rxf6 {[%clk 0:29:14]
} 23... Qg8 {[%clk 0:12:54]} 24. Bh5 {[%clk 0:27:47]} 24... Ng7 {[%clk 0:12:43]
} 25. Nd5 {[%clk 0:26:56]} 25... Kb8 {[%clk 0:11:41]} 26. Qc3 {[%clk 0:24:53]}
26... Ne6 {[%clk 0:08:01]} 27. Ne7 {[%clk 0:24:07]} 27... Qh7 {[%clk 0:07:08]}
28. Rf7 {[%clk 0:24:20]} 28... Ng7 {[%clk 0:07:23]} 29. Bg6 {[%clk 0:24:41]}
1-0

[Event "DEM U18w 2018"]
[Site "Willingen GER"]
[Date "2018.05.20"]
[Round "2"]
[White "Ley, Sabrina"]
[Black "Sieber, Fiona"]
[Result "0-1"]
[Termination "normal"]
[Board "1"]
[BlackTitle "WIM"]
[WhiteElo "1882"]
[BlackElo "2234"]
[WhiteClock "00:00:56"]
[BlackClock "00:24:33"]
[PlyCount "54"]
[WhiteFideId "12938130"]
[BlackFideId "12902373"]
[EventCountry "GER"]
[EventRounds "9"]
[EventType "swiss"]
[EventDate "2018.05.19"]

1. d4 {[%clk 1:30:58]} 1... Nf6 {[%clk 1:30:55]} 2. c4 {[%clk 1:31:25]} 2... e6
{[%clk 1:31:20]} 3. Nf3 {[%clk 1:31:50]} 3... b6 {[%clk 1:31:38]} 4. a3 { [%clk
1:32:16]} 4... Bb7 {[%clk 1:31:22]} 5. Nc3 {[%clk 1:32:41]} 5... Be7 { [%clk
1:31:23]} 6. e3 {[%clk 1:31:37]} 6... O-O {[%clk 1:25:54]} 7. Bd3 { [%clk
1:28:51]} 7... d5 {[%clk 1:26:02]} 8. cxd5 {[%clk 1:28:42]} 8... exd5 { [%clk
1:25:53]} 9. O-O {[%clk 1:20:59]} 9... Nbd7 {[%clk 1:25:17]} 10. b4 { [%clk
1:11:44]} 10... Re8 {[%clk 1:19:51]} 11. Bb2 {[%clk 1:05:51]} 11... c6 { [%clk
1:14:35]} 12. Rc1 {[%clk 1:03:11]} 12... Bd6 {[%clk 1:03:32]} 13. Re1 { [%clk
0:56:24]} 13... Ne4 {[%clk 0:56:39]} 14. Qc2 {[%clk 0:40:16]} 14... Qe7 { [%clk
0:50:50]} 15. Red1 {[%clk 0:32:22]} 15... Rad8 {[%clk 0:40:28]} 16. Qb3 { [%clk
0:24:06]} 16... Ndf6 {[%clk 0:33:42]} 17. Ne5 {[%clk 0:16:47]} 17... Nxf2
{[%clk 0:29:36]} 18. Kxf2 {[%clk 0:14:04]} 18... Bxe5 {[%clk 0:30:01]} 19. dxe5
{[%clk 0:11:55]} 19... Qxe5 {[%clk 0:25:53]} 20. Nxd5 {[%clk 0:05:50]} 20...
Ng4+ {[%clk 0:26:05]} 21. Ke1 {[%clk 0:03:25]} 21... Qxh2 {[%clk 0:25:18]} 22.
Ne7+ {[%clk 0:01:33]} 22... Rxe7 {[%clk 0:24:57]} 23. Bxh7+ {[%clk 0:01:11]}
23... Kxh7 {[%clk 0:25:21]} 24. Qc2+ {[%clk 0:01:31]} 24... g6 {[%clk 0:23:55]}
25. Rxd8 {[%clk 0:00:56]} 25... Qg1+ {[%clk 0:24:10]} 26. Ke2 {[%clk 0:00:53]}
26... Qxe3+ {[%clk 0:24:33]} 27. Kf1 {[%clk 0:00:56]} 27... Nh2# 0-1

[Event "DEM U18w 2018"]
[Site "Willingen GER"]
[Date "2018.05.20"]
[Round "2"]
[White "Rogozenco, Teodora"]
[Black "Lange, Cecilia"]
[Result "0-1"]
[Termination "normal"]
[Board "2"]
[WhiteTitle "WFM"]
[WhiteElo "2090"]
[BlackElo "1929"]
[WhiteClock "00:00:32"]
[BlackClock "00:09:01"]
[PlyCount "62"]
[WhiteFideId "12938084"]
[BlackFideId "12976040"]
[EventCountry "GER"]
[EventRounds "9"]
[EventType "swiss"]
[EventDate "2018.05.19"]

1. d4 {[%clk 1:30:57]} 1... Nf6 {[%clk 1:30:56]} 2. Bf4 {[%clk 1:29:55]} 2...
g6 {[%clk 1:30:39]} 3. Nf3 {[%clk 1:29:53]} 3... Bg7 {[%clk 1:30:28]} 4. Nc3 {
[%clk 1:29:16]} 4... d5 {[%clk 1:28:38]} 5. e3 {[%clk 1:27:41]} 5... Bg4 {
[%clk 1:25:34]} 6. Be2 {[%clk 1:27:07]} 6... O-O {[%clk 1:23:21]} 7. h4 { [%clk
1:03:45]} 7... Nbd7 {[%clk 1:17:04]} 8. Nh2 {[%clk 0:46:42]} 8... Bxe2 { [%clk
1:14:11]} 9. Nxe2 {[%clk 0:47:00]} 9... Nh5 {[%clk 1:09:24]} 10. Bg5 { [%clk
0:36:16]} 10... c6 {[%clk 0:55:53]} 11. Qd3 {[%clk 0:21:31]} 11... Qa5+ { [%clk
0:52:34]} 12. c3 {[%clk 0:17:49]} 12... e5 {[%clk 0:48:44]} 13. g4 { [%clk
0:17:00]} 13... Nhf6 {[%clk 0:46:42]} 14. h5 {[%clk 0:17:26]} 14... exd4 {[%clk
0:44:24]} 15. exd4 {[%clk 0:08:43]} 15... c5 {[%clk 0:41:10]} 16. Be3 { [%clk
0:05:37]} 16... cxd4 {[%clk 0:36:17]} 17. Bxd4 {[%clk 0:06:00]} 17... Nc5
{[%clk 0:34:03]} 18. Bxc5 {[%clk 0:06:15]} 18... Qxc5 {[%clk 0:34:14]} 19.
O-O-O {[%clk 0:06:40]} 19... Qxf2 {[%clk 0:29:56]} 20. hxg6 {[%clk 0:06:38]}
20... hxg6 {[%clk 0:29:55]} 21. g5 {[%clk 0:06:47]} 21... Nh5 {[%clk 0:28:52]}
22. Ng4 {[%clk 0:03:06]} 22... Qc5 {[%clk 0:25:27]} 23. Rdg1 {[%clk 0:01:06]}
23... Qc4 {[%clk 0:21:47]} 24. Qh3 {[%clk 0:00:34]} 24... Qxe2 {[%clk 0:19:08]}
25. Nf6+ {[%clk 0:00:52]} 25... Bxf6 {[%clk 0:18:01]} 26. gxf6 {[%clk 0:01:14]}
26... Kh7 {[%clk 0:14:59]} 27. Rg5 {[%clk 0:00:45]} 27... Rae8 {[%clk 0:13:09]}
28. Rg3 {[%clk 0:00:36]} 28... Qe5 {[%clk 0:12:18]} 29. Qh4 {[%clk 0:00:50]}
29... Re6 {[%clk 0:11:04]} 30. Rf3 {[%clk 0:00:54]} 30... d4 {[%clk 0:10:07]}
31. Qf2 {[%clk 0:00:32]} 31... dxc3 {[%clk 0:09:01]} 0-1

[Event "DEM U18w 2018"]
[Site "Willingen GER"]
[Date "2018.05.20"]
[Round "2"]
[White "Poetsch, Leonore"]
[Black "Sewald, Kathrin"]
[Result "0-1"]
[Termination "normal"]
[Board "3"]
[WhiteElo "1902"]
[BlackElo "2035"]
[WhiteClock "00:03:55"]
[BlackClock "00:08:15"]
[PlyCount "74"]
[WhiteFideId "12940372"]
[BlackFideId "12964557"]
[EventCountry "GER"]
[EventRounds "9"]
[EventType "swiss"]
[EventDate "2018.05.19"]

1. e4 {[%clk 1:30:58]} 1... e5 {[%clk 1:30:55]} 2. Nf3 {[%clk 1:31:23]} 2... d6
{[%clk 1:31:21]} 3. Bc4 {[%clk 1:31:25]} 3... h6 {[%clk 1:31:46]} 4. O-O {
[%clk 1:31:19]} 4... Nf6 {[%clk 1:31:52]} 5. d3 {[%clk 1:31:19]} 5... Nbd7 {
[%clk 1:30:37]} 6. Nc3 {[%clk 1:31:02]} 6... c6 {[%clk 1:26:55]} 7. Be3 { [%clk
1:30:02]} 7... Be7 {[%clk 1:20:13]} 8. Qe2 {[%clk 1:28:42]} 8... Nf8 { [%clk
1:18:49]} 9. Rad1 {[%clk 1:26:26]} 9... g5 {[%clk 1:15:42]} 10. d4 { [%clk
1:23:22]} 10... Qc7 {[%clk 1:11:52]} 11. a4 {[%clk 1:07:43]} 11... Ng6 { [%clk
1:11:49]} 12. b4 {[%clk 1:01:11]} 12... g4 {[%clk 1:02:11]} 13. Ne1 { [%clk
0:58:23]} 13... Nh5 {[%clk 1:00:53]} 14. g3 {[%clk 0:53:59]} 14... Nf6 { [%clk
0:50:41]} 15. b5 {[%clk 0:49:29]} 15... Kf8 {[%clk 0:42:07]} 16. f4 { [%clk
0:41:20]} 16... gxf3 {[%clk 0:38:49]} 17. Nxf3 {[%clk 0:39:55]} 17... Bh3
{[%clk 0:37:55]} 18. Rfe1 {[%clk 0:38:52]} 18... Kg7 {[%clk 0:34:22]} 19. d5 {
[%clk 0:34:27]} 19... c5 {[%clk 0:33:06]} 20. Qd2 {[%clk 0:32:40]} 20... Rag8 {
[%clk 0:30:03]} 21. Bf1 {[%clk 0:31:27]} 21... Bg4 {[%clk 0:29:12]} 22. Bg2 {
[%clk 0:31:01]} 22... Qc8 {[%clk 0:28:52]} 23. Rf1 {[%clk 0:27:27]} 23... Bd8 {
[%clk 0:28:44]} 24. Qe2 {[%clk 0:21:35]} 24... Qd7 {[%clk 0:22:45]} 25. Rb1 {
[%clk 0:17:00]} 25... h5 {[%clk 0:20:45]} 26. Qc4 {[%clk 0:15:44]} 26... h4 {
[%clk 0:19:24]} 27. Nxh4 {[%clk 0:10:32]} 27... Nxh4 {[%clk 0:19:15]} 28. gxh4
{[%clk 0:10:42]} 28... Kf8 {[%clk 0:15:30]} 29. Bg5 {[%clk 0:08:36]} 29... Nh5
{[%clk 0:12:15]} 30. Ne2 {[%clk 0:07:04]} 30... Bxg5 {[%clk 0:12:21]} 31. hxg5
{[%clk 0:07:29]} 31... Rxg5 {[%clk 0:12:45]} 32. Ng3 {[%clk 0:07:12]} 32... Nf4
{[%clk 0:12:33]} 33. Rf2 {[%clk 0:06:34]} 33... f6 {[%clk 0:11:20]} 34. Bf1 {
[%clk 0:04:44]} 34... Qh7 {[%clk 0:11:14]} 35. Rb3 {[%clk 0:03:56]} 35... Bh3 {
[%clk 0:08:29]} 36. Kh1 {[%clk 0:03:45]} 36... Bg2+ {[%clk 0:07:53]} 37. Rxg2 {
[%clk 0:03:55]} 37... Nxg2 {[%clk 0:08:15]} 0-1